| 000 | 00803nam a22001697a 4500 | ||
|---|---|---|---|
| 008 | 101110t xxu||||| |||| 00| 0 eng d | ||
| 020 | _a9948432886 | ||
| 082 |
_a327.538 _bDUR |
||
| 100 |
_921113 _aAl-Duraiby, Ibrahim Suleiman |
||
| 245 |
_aSaudi Arabia, GCC and the EU : _bLimitations and Possibilities for an Unequal Triangular Relationship / _cIbrahim Suleiman Sl-Duraiby |
||
| 260 |
_aDubai : _bGulf Research Center, 2009 _c2009 |
||
| 300 |
_a249 p. ; _c25 cm. |
||
| 504 | _aIncludes bibliographical references p. 229-249 | ||
| 651 |
_921121 _aSaudi Arabia _xForeign relations |
||
| 942 |
_2ddc _cBB |
||
| 999 |
_c14831 _d14831 |
||